Quizzes
Events
Quiz Creation
Community
Videos
Private Events
Remove Ads
Sign In
Join for FREE
Feedback
Dark Mode
Quiz Categories
Sports
Geography
Music
Movies
Television
Just For Fun
Miscellaneous
History
Literature
Language
Science
Gaming
Entertainment
Religion
Holiday
For Kids
Quiz Lab
Recent
Popular Today
Quiz Kudos Today
Editor Picks
Curator Picks
Quizzes by...
Day
Popularity
Type
Ratings
Length
Year
Community
Subscriptions
Recent Discussions
Orange Saloon
Badges
Playlists
Quests
Create
Leaderboards
Showdown
Live 5
Trivia Bingo
Activity
Puzzle Library
Sporcle Events
Private Events
Virtual Trivia
Globe League
Become a Host
Pub Owners
SporcleCon
Opinionation
Our Games
Videos
Blog
Mobile Apps
Partnerships
Remove Ads and Go Orange
Feedback
Miscellaneous
Crossword
General Knowledge
Baby Names
Logo
Food
Cars
Numbers
Grab Bag
University
College
Popular
Company
Slogans
Restaurants
Justice
Letter
Miscellaneous
Crossword
General Knowledge
Baby Names
Logo
Food
Cars
Numbers
Grab Bag
University
College
Popular
Company
Slogans
Restaurants
Justice
Letter
Random Quiz
Search Sporcle
×
Quiz Lab
Quiz Lab
Miscellaneous
Multiple Choice
Click on answers out of a set of options
Click on answers out of a set of options
Multiple Choice
Best Score? Go Orange.
Which Is Not Stats
Can you choose the Which Is Not?
By
mattb1980
2m
20 Questions
42 Plays
42 Plays
42 Plays
Comments
Comments
Give Quiz Kudos
Give Quiz Kudos
-
- Ratings
hide this ad
Random Order
Randomize order of answers
Randomize order of answers
Replay
Link that replays current quiz
Next Quiz
Link to next quiz in quiz playlist
You Got
0%
They Got
Avg Score
65%
Avg Friend Score
Upgrade to see
Score Distribution
Jump to the score distribution portion of the page
Score
0/20
Timer
02:00
0
Plays Today
Question
Answer
Wrong Answers
Which is not? A great lake?
Great Slave
100%
Erie
0%
Superior
0%
Michigan
0%
Which is not? A teenage mutant ninja turtle?
Picasso
85.7%
Leonardo
0%
Michelangelo
0%
Donatello
0%
Which is not? A City in Canada.
Bangor
83.3%
Quebec City
0%
Hamilton
7.1%
Victoria
4.8%
Which is not? An NBA Team
Jets
81%
Timberwolves
11.9%
Pistons
7.1%
Lakers
0%
Which is not? A Mexican Known Food?
Lasagna
76.2%
Fajita
0%
Taco
2.4%
Burrito
0%
Which is not? An official language of Switzerland?
English
76.2%
Italian
11.9%
German
2.4%
French
0%
Which is not? A president who died interm?
James Madison
73.8%
John Kennedy
2.4%
William Harrison
9.5%
Abraham Lincoln
4.8%
Which is not? An STD?
Cancer
73.8%
AIDS
2.4%
Herpes
0%
Gonorrhea
2.4%
Which is not? A country in the commonwealth?
France
69%
Canada
7.1%
Australia
0%
India
14.3%
Which is not? A Capital City In Europe?
Istanbul
69%
Paris
0%
Madrid
0%
Warsaw
2.4%
Which is not? An American Capital City
Chicago
69%
Phoenix
2.4%
Boston
7.1%
Hartford
2.4%
Which is not? A Character on South Park?
Barney Gumble
66.7%
Stan Marsh
0%
Mr. Hanky
7.1%
Kenny McCormack
0%
Which is not? A Pepsi Product?
Fanta Cream Soda
59.5%
Diet Pepsi
0%
Mountain Dew
7.1%
Mugg Root Beer
31%
Which is not? A Metallica Song?
Under the Bridge
57.1%
Enter Sandman
2.4%
Unforgiven
7.1%
For Whom The Bells Toll
19%
Which is not? A country that drives on the left side of the road?
Canada
54.8%
South Africa
7.1%
Ireland
4.8%
Japan
21.4%
Which is not? An American Newspaper?
Chicago Star Daily
54.8%
USA Today
2.4%
New York Times
0%
Dallas Observer
21.4%
Which is not? A city with out MLS (Major League Soccer)?
Phoenix
52.4%
Toronto
21.4%
New York
7.1%
Columbus
7.1%
Which is not? A Country that has won the FIFA World Cup
Australia
47.6%
Brazil
0%
Uruguay
2.4%
France
4.8%
Which is not? A hockey player with the same double digits as their number on their jersey?
Sidney Crosby
33.3%
Wayne Gretzky
14.3%
Mario Lemieux
14.3%
Eric Lindros
26.2%
Which is not? A Canadian Provincial Capital City
Vancouver
28.6%
Toronto
21.4%
Winnipeg
9.5%
Halifax
21.4%
Quiz Playlist
Details
Report
Send in Message
Add To Playlist
Multiple Choice:
Click on answers out of a set of options
Random Order:
Randomize order of answers
Last Updated: Feb 20, 2017
Quiz Scoreboard
CHALLENGE
Sign Up to Join the Scoreboard
Show All
Scores
Hide
Comments
May contain spoilers
Recently Published
NBA Finals Game Top Scorers (2010s)
by flibbidy
Sports
5m
Guess the 'R' Things in 3 Words
by MSUKent
Miscellaneous
3m
Actor to Badly Drawn Movie III
by MoMosMoProblems
Movies
5m
More to Explore
Quiz From the Vault
Featured Blog Post
Where Does Lost Luggage Go?
hide this ad
You Might Also Like...
Tags
Multiple Choice
Philly Random
Today's Top Quizzes in Miscellaneous
Browse Miscellaneous
hide this ad
Today's Top Quizzes in Multiple Choice
Browse Multiple Choice
Top Contributed Quizzes in Miscellaneous
1
The JOE quick-fire general knowledge quiz: Day 166
2
The JOE quick-fire general knowledge quiz: Day 165
3
Guess the 'S' Things in 3 Words
4
Guess the 'T' Things in 3 Words
5
Guess the 'V' Things in 3 Words
6
Guess the 'W' Things in 3 Words
7
Guess the 'Y' Things in 3 Words
8
Sporcle Acrostic Puzzle XXXV
9
The JOE quick-fire general knowledge quiz: Day 164
10
Sunday Crossword: Under the Bridge
Explore More
Trending Topics
Crossword
Disney
Kpop
Marvel
NBA
Harry Potter
Anime
Puzzle
Song
The Office
WWE
NFL
Country
Pokémon
Soccer
hide this ad
More By:
mattb1980
Quiz
Plays
Rating
Category
Featured
Created
Identify The Serial Killer
1,917
1.44
Miscellaneous
Feb 17, 2017
US City Match Up 1
833
3.26
Geography
Feb 18, 2017
NHL Captains 2016-17 (Multiple Choice)
630
1.14
Sports
Dec 18, 2016
2015 NHL Draft 1st Round Name Match
572
2.00
Sports
Mar 17, 2017
2016 NHL Draft Match Up
566
Sports
Mar 18, 2017
Go to Creator's Profile
Score Distribution
Quiz Creator Spotlight
mattb1980
Follow
Send a Message
Quizzes Created
-
Created Quiz Play Count
-
More By This Creator
Popular Quizzes Today
1
Find the US States - No Outlines Minefield
2
Find the US States
3
The Countries of the World
4
10 Largest US States in Order
5
Find the Countries of Europe - No Outlines Minefield
6
US States
7
Guess the 'R' Things in 3 Words
8
NBA Finals Game Top Scorers (2010s)
More Miscellaneous Quizzes
Two Dozen Dozens
Editor's Pick
Trending Quizzes
First Name TV: Leading Men
First Name TV: Leading Women Drama
Match the Book to the Film II
3-Word Movies in 1 Word II
Match the Book to the Film VI
Recently Updated
Women's Final Four Teams by Year
bhenderson79
Presidents Quartet II
eogle
Anything But Clue(do)
eogle
Anything But Oceanian Capitals
eogle
Anything But 7
eogle
Anything But Thing
eogle
Word Ladder: February 29
pecheneg
Song Title Questions
pecheneg
Women's NCAA Tournament #1 Seeds
pecheneg
Celebrity Mug Shots
pecheneg
Trending Topics
Kpop
Crossword
Anime
Marvel
NBA
Disney
Harry Potter
Pokémon
Song
NFL
WWE
Puzzle
Country
Soccer
The Office
Your Account Isn't Verified!
In order to create a playlist on Sporcle, you need to verify the email address you used during registration. Go to your
Sporcle Settings
to finish the process.
Report this User
Report this user for behavior that violates our
Community Guidelines
.
Details:
Send Report
Go to the Sporcle.com Mobile Site →
Comments